Đối chiếu nhóm động từ thuộc trường nghĩa "ăn" trong tiếng Việt và các yếu tố tương đương trong tiếng Anh
Những vấn đề lí luận liên quan đến đề tài. Đặc điểm ngữ nghĩa, ngữ dụng của nhóm động từ thuộc trường nghĩa “ăn” trong tiếng Việt. Đối chiếu nhóm động từ thuộc trường nghĩa “ăn” trong tiếng Việt và các yếu tố tương đương trong tiếng Anh...
Guardat en:
| Autor principal: | |
|---|---|
| Altres autors: | |
| Format: | Llibre |
| Idioma: | Vietnamese |
| Publicat: |
Đà Nẵng
Đại học Đà Nẵng
2015
|
| Matèries: | |
| Etiquetes: |
Afegir etiqueta
Sense etiquetes, Sigues el primer a etiquetar aquest registre!
|
| Thư viện lưu trữ: | Mạng thư viện Đại học Đà Nẵng |
|---|
| LEADER | 01971nam a2200373 4500 | ||
|---|---|---|---|
| 001 | 000023368 | ||
| 003 | 19819 | ||
| 005 | 20151203091226.0 | ||
| 008 | 151117s2015 viesd | ||
| 041 | |a vie | ||
| 082 | 1 | 4 | |a 415.6 |b LÊ-T |
| 100 | 1 | |a Lê Thị Thanh Tâm | |
| 245 | 1 | |a Đối chiếu nhóm động từ thuộc trường nghĩa "ăn" trong tiếng Việt và các yếu tố tương đương trong tiếng Anh |c Lê Thị Thanh Tâm ; Ngũ Thiện Hùng hướng dẫn. |k Luận văn Thạc sĩ | |
| 260 | |a Đà Nẵng |b Đại học Đà Nẵng |c 2015 | ||
| 300 | |a 87 tr., phụ lục 3 tr. |c 29 cm. |e Tóm tắt | ||
| 500 | |a Luận văn thạc sĩ Khoa học xã hội và nhân văn. Chuyên ngành: Ngôn ngữ học. Mã số: 60.22.02.40 | ||
| 520 | 3 | |a Những vấn đề lí luận liên quan đến đề tài. Đặc điểm ngữ nghĩa, ngữ dụng của nhóm động từ thuộc trường nghĩa “ăn” trong tiếng Việt. Đối chiếu nhóm động từ thuộc trường nghĩa “ăn” trong tiếng Việt và các yếu tố tương đương trong tiếng Anh | |
| 650 | 0 | 4 | |a Ngôn ngữ tiếng Việt |v Luận văn tốt nghiệp |x Động từ |x So sánh |
| 650 | 0 | 4 | |a Ngôn ngữ tiếng Anh |v Luận văn tốt nghiệp |x Động từ |x So sánh |
| 653 | |a Ngôn ngữ tiếng Việt | ||
| 653 | |a Ngôn ngữ so sánh | ||
| 653 | |a Ngôn ngữ tiếng Anh | ||
| 653 | |a Động từ "ăn" | ||
| 700 | 1 | |a Ngũ Thiện Hùng |c TS. |e Hướng dẫn | |
| OWN | |a LSP | ||
| AVA | |a UDN50 |b LSP |d 415.6 LÊ-T |e available |t Error 5001 Not defined in file expand_doc_bib_avail. |f 1 |g 0 |h N |i 0 |k 1 | ||
| 999 | |a From the UDN01 | ||
| AVA | |a UDN50 |b LSP |d 415.6 LÊ-T |e available |t Error 5001 Not defined in file expand_doc_bib_avail. |f 1 |g 0 |h N |i 0 |k 1 | ||
| TYP | |a Monograph | ||
| TYP | |a Printed language | ||
| 980 | |a Mạng thư viện Đại học Đà Nẵng | ||